[Event "Tashkent FIDE GP"]
[Site "Tashkent"]
[Date "2014.10.27"]
[Round "6"]
[White "Giri, Anish"]
[Black "Radjabov, Teimour"]
[Result "1/2-1/2"]
[WhiteElo "2768"]
[BlackElo "2726"]
[Annotator "CB"]
[PlyCount "103"]
[EventDate "2014.10.21"]
[EventType "tourn"]
[EventRounds "11"]
[EventCountry "UZB"]
[EventCategory "21"]
[SourceTitle "CBM 163"]
[Source "ChessBase"]
[SourceDate "2014.11.11"]
[SourceVersion "1"]
[SourceVersionDate "2014.11.11"]
[SourceQuality "1"]

1. e4 e5 2. Nf3 Nc6 3. Bb5 Nf6 4. O-O Nxe4 5. d4 Nd6 6. Bxc6 dxc6 7. dxe5 Nf5
8. Qxd8+ Kxd8 9. h3 Ke8 10. Nc3 h5 11. Bf4 Be7 12. Rad1 Be6 13. Ng5 Rh6 14. g3
(14. Rfe1 Bb4 15. g4 hxg4 16. hxg4 Ne7 {was the game Radjabov played yesterday
with White.}) 14... Bxg5 15. Bxg5 Rg6 16. h4 f6 17. exf6 gxf6 18. Bf4 Nxh4 19.
f3 Rd8 20. Kf2 Rxd1 21. Nxd1 Nf5 22. Rh1 Bxa2 23. Rxh5 Be6 24. g4 {The novelty.
} (24. Bxc7 Rh6 25. Rxh6 Nxh6 26. g4 {was drawn at thist m oment in the game
Alekseev-Grachev from this year.}) 24... Nd6 25. Rh7 f5 (25... Nf7 {is the
computer's suggestion, as it is not a big fan of the c7 pawn.}) 26. g5 (26.
Rxc7 Nb5 27. gxf5 Bxf5 28. Rxb7 Bxc2 {looks unwinnable, though the computer
claims W hite is better.}) 26... Nf7 27. Rh5 Rg8 {White's down a pawn but his
g5 passer is the most dangerous thing on the board. That being said it is
blocked. This game isn't going anywhere.} 28. Kg3 Rh8 29. Rxh8+ Nxh8 30. Bxc7
Ng6 31. Nc3 Kd7 32. Bb8 a5 33. Na4 Kc8 34. Bf4 b5 35. Nc5 Ba2 36. c3 a4 37. Bd6
Bd5 38. f4 Kd8 39. Kf2 Nh4 40. Ke3 Ke8 41. Nd3 Be4 42. Nf2 Bd5 43. Ba3 Kf7 44.
Kd4 Ke6 45. Nd3 Ng6 46. Nc5+ Kf7 47. Na6 Nxf4 48. Ke5 Nd3+ 49. Kxf5 c5 50. g6+
Kg8 51. Nxc5 Nxc5 52. Bxc5 1/2-1/2

[Event "Tashkent FIDE GP"]
[Site "Tashkent"]
[Date "2014.10.28"]
[Round "7"]
[White "Radjabov, Teimour"]
[Black "Mamedyarov, Shakhriyar"]
[Result "1/2-1/2"]
[WhiteElo "2726"]
[BlackElo "2764"]
[Annotator "CB"]
[PlyCount "61"]
[EventDate "2014.10.21"]
[EventType "tourn"]
[EventRounds "11"]
[EventCountry "UZB"]
[EventCategory "21"]
[SourceTitle "CBM 163"]
[Source "ChessBase"]
[SourceDate "2014.11.11"]
[SourceVersion "1"]
[SourceVersionDate "2014.11.11"]
[SourceQuality "1"]

1. d4 Nf6 2. c4 e6 3. Nf3 d5 4. Nc3 Be7 5. Bf4 O-O 6. a3 {This strange looking
move actually transposes to a position usually reached with another move order.
} b6 7. cxd5 Nxd5 8. Nxd5 exd5 9. e3 c5 10. Ne5 Bf5 11. Bb5 a6 (11... cxd4 {
Gustafsson-Adams, 2010}) 12. Bc6 Nxc6 13. Nxc6 Qd7 14. Nxe7+ Qxe7 15. dxc5 Qxc5
16. O-O {White has a minimal edge, but with the opposite colored bishops this
is obviously going to a draw.} Rac8 17. Rc1 Qxc1 18. Qxc1 Rxc1 19. Rxc1 Rc8 20.
Rxc8+ Bxc8 21. Kf1 f6 22. Ke2 Bf5 23. Kd2 Kf7 24. Bc7 b5 25. Kc3 Ke6 26. Kd4 h5
27. Kc5 Be4 28. f3 Bd3 29. Kb6 b4 30. axb4 Bf1 31. g3 1/2-1/2

[Event "Tashkent FIDE GP"]
[Site "Tashkent"]
[Date "2014.10.31"]
[Round "9"]
[White "Radjabov, Teimour"]
[Black "Caruana, Fabiano"]
[Result "1/2-1/2"]
[WhiteElo "2726"]
[BlackElo "2844"]
[Annotator "CB"]
[PlyCount "71"]
[EventDate "2014.10.21"]
[EventType "tourn"]
[EventRounds "11"]
[EventCountry "UZB"]
[EventCategory "21"]
[SourceTitle "CBM 163"]
[Source "ChessBase"]
[SourceDate "2014.11.11"]
[SourceVersion "1"]
[SourceVersionDate "2014.11.11"]
[SourceQuality "1"]

1. e4 e5 2. Nf3 Nc6 3. Bb5 Nf6 4. O-O Nxe4 5. d4 Nd6 6. Bxc6 dxc6 7. dxe5 Nf5
8. Qxd8+ Kxd8 9. h3 Ke8 10. Nc3 h5 11. Bf4 Bb4 {actually kind of rare. We have
seen a lot of duels recently with 11...Be7, but with the amazing draw rate in
that line it is refreshing to see something slightly different.} 12. Ne4 (12.
Ne2 Be6 13. Rfd1 Bd5 {Bacrot-Sargissian, 2014}) 12... Be6 13. c3 Be7 14. Rfe1
Rd8 15. Neg5 Bxg5 16. Nxg5 Ke7 17. Ne4 Rd5 18. Rad1 b6 19. b3 h4 20. c4 Rd4 21.
g4 (21. Bg5+ Kd7 22. Rxd4+ Nxd4 23. Rd1 c5 24. Be3 Kc6 25. Bxd4 Rd8 $11) 21...
hxg3 22. fxg3 c5 23. h4 Rxd1 24. Rxd1 Nd4 25. Kf2 Bf5 26. Nc3 Ke6 27. Rd2 Rc8
28. Ne2 Nc6 29. Bg5 Bg4 30. Nf4+ Kxe5 31. Nd5 Ke4 32. Bf4 Ne5 33. Nc3+ Kf5 34.
Nd5 Ke4 35. Nc3+ Kf5 36. Nd5 1/2-1/2

[Event "Tashkent FIDE GP"]
[Site "Tashkent"]
[Date "2014.11.01"]
[Round "10"]
[White "Kasimdzhanov, Rustam"]
[Black "Radjabov, Teimour"]
[Result "1/2-1/2"]
[WhiteElo "2706"]
[BlackElo "2726"]
[Annotator "CB"]
[PlyCount "67"]
[EventDate "2014.10.21"]
[EventType "tourn"]
[EventRounds "11"]
[EventCountry "UZB"]
[EventCategory "21"]
[SourceTitle "CBM 163"]
[Source "ChessBase"]
[SourceDate "2014.11.11"]
[SourceVersion "1"]
[SourceVersionDate "2014.11.11"]
[SourceQuality "1"]

1. e4 c5 2. Nf3 e6 3. d4 cxd4 4. Nxd4 Nc6 5. Nb5 {This line isn't so popular
right now.} d6 6. c4 Nf6 7. N1c3 a6 8. Na3 Be7 (8... d5 {was the super famous
Karpov-Kasparov game from 1985, but since then we know this line is not sound.}
) 9. Be2 O-O 10. O-O b6 11. Be3 Bb7 12. Qb3 Nd7 13. Rfd1 Nc5 14. Qc2 Rb8 15.
Rac1 Ba8 16. Nab1 e5 17. Qd2 g6 18. Bf1 Kh8 19. f3 Ne6 20. Nd5 Bg5 21. Bxg5
Nxg5 22. Nbc3 Nd4 23. Qe3 Nge6 {the position is locked up and White's hold on
d5 is not more important than Black's on d4.} 24. f4 f6 25. Rd2 b5 26. cxb5
axb5 27. b4 Bc6 28. Rf2 g5 29. fxe5 fxe5 30. Rd1 Qd7 31. Rdd2 Qg7 32. Rxf8+
Rxf8 33. Rf2 Nf4 34. g3 1/2-1/2

[Event "Tashkent FIDE GP"]
[Site "Tashkent"]
[Date "2014.11.02"]
[Round "11"]
[White "Radjabov, Teimour"]
[Black "Gelfand, Boris"]
[Result "1/2-1/2"]
[WhiteElo "2726"]
[BlackElo "2748"]
[Annotator "CB"]
[PlyCount "81"]
[EventDate "2014.10.21"]
[EventType "tourn"]
[EventRounds "11"]
[EventCountry "UZB"]
[EventCategory "21"]
[SourceTitle "CBM 163"]
[Source "ChessBase"]
[SourceDate "2014.11.11"]
[SourceVersion "1"]
[SourceVersionDate "2014.11.11"]
[SourceQuality "1"]

1. Nf3 c5 2. c4 Nc6 3. Nc3 Nf6 4. g3 d5 5. d4 cxd4 6. Nxd4 dxc4 7. Nxc6 Qxd1+
8. Nxd1 bxc6 9. Bg2 Nd5 10. Ne3 e6 11. Nxc4 Ba6 12. Na5 Rc8 13. Bd2 Be7 14. Rc1
c5 15. b3 O-O 16. O-O Rfd8 17. Bf3 Bf6 (17... Kf8 {was drawn eventually in
Kramnik-Navara, 2007.}) 18. a4 Nb6 19. Be3 c4 (19... Nd5 {just looks like a
repetition.} 20. Bd2 $11 (20. Rxc5 Nxe3 21. Rxc8 Rxc8 (21... Nxf1 22. Rc6 $1
$16) 22. fxe3 Bg5 $11)) 20. Nxc4 (20. b4 $5 Nxa4 21. Nc6 Rd7 22. Nxa7 Rxa7 $1
23. Bxa7 c3 {is not entirely clear.}) 20... Bxc4 21. bxc4 Nxa4 22. Bxa7 Rc7 23.
Be3 Rdc8 24. c5 Nxc5 25. Bf4 e5 26. Be3 h6 27. Bg4 Ne6 {with all the pawns on
the same side of the board this is clearly going to be drawn.} 28. Rb1 Re8 29.
Rb6 Bg5 30. Bxe6 Rxe6 31. Rxe6 fxe6 32. Bxg5 hxg5 33. Rb1 Kf7 34. Rb4 Kf6 35.
Kg2 Rc2 36. Kf3 Ra2 37. h3 Kf5 38. e4+ Kg6 39. Rb8 Ra4 40. Rb2 Rc4 41. Re2
1/2-1/2

[Event "Beijing Sportaccord rap"]
[Site "Beijing"]
[Date "2014.12.11"]
[Round "1"]
[White "Radjabov, Teimour"]
[Black "Gelfand, Boris"]
[Result "1/2-1/2"]
[WhiteElo "2734"]
[BlackElo "2743"]
[PlyCount "138"]
[EventDate "2014.12.11"]
[EventType "swiss (rapid)"]
[EventRounds "7"]
[EventCountry "CHN"]
[SourceTitle "CBM 164"]
[Source "ChessBase"]
[SourceDate "2015.01.15"]
[SourceVersion "1"]
[SourceVersionDate "2015.01.15"]
[SourceQuality "1"]

1. d4 Nf6 2. c4 g6 3. Nc3 d5 4. Nf3 Bg7 5. Qb3 dxc4 6. Qxc4 O-O 7. e4 a6 8. Be2
b5 9. Qb3 c5 10. dxc5 Bb7 11. O-O Nxe4 12. Nxe4 Bxe4 13. Ng5 Bd5 14. Qh3 h6 15.
Nf3 Qc8 16. Qh4 g5 17. Bxg5 hxg5 18. Nxg5 Rd8 19. Rfd1 Nc6 20. Bg4 e6 21. Rd3
Ne5 22. Rg3 Qxc5 23. Qh7+ Kf8 24. Bh5 Qd4 25. Nxe6+ Bxe6 26. Qxg7+ Ke7 27. Qg5+
Kf8 28. h3 Nd3 29. Rf1 Qf4 30. Qg7+ Ke7 31. Rf3 Qe5 32. Rxf7+ Bxf7 33. Qxf7+
Kd6 34. Rd1 Kc5 35. Bf3 Nxb2 36. Rc1+ Nc4 37. Bxa8 Rxa8 38. a4 Kb6 39. Rb1 Rc8
40. axb5 axb5 41. Qd7 Rc7 42. Qd8 Qd6 43. Qb8+ Rb7 44. Rxb5+ Kxb5 45. Qxb7+ Kc5
46. Qf3 Qh6 47. Qf5+ Kd6 48. Kh2 Nb6 49. f4 Nd5 50. Qe5+ Kc6 51. g3 Qg6 52. Qe2
Qf6 53. h4 Kd6 54. h5 Qf5 55. h6 Nf6 56. Kg2 Qd5+ 57. Kh2 Qf5 58. Kg2 Qd5+ 59.
Qf3 Qf5 60. g4 Nxg4 61. h7 Qxh7 62. Qxg4 Qe4+ 63. Kg3 Ke7 64. Qg5+ Kf7 65. Qb5
Kf6 66. Qa6+ Kf7 67. Qd6 Qg6+ 68. Qxg6+ Kxg6 69. Kg4 Kf6 1/2-1/2

[Event "Beijing Sportaccord rap"]
[Site "Beijing"]
[Date "2014.12.11"]
[Round "2"]
[White "Harikrishna, Pentala"]
[Black "Radjabov, Teimour"]
[Result "1/2-1/2"]
[WhiteElo "2727"]
[BlackElo "2734"]
[PlyCount "138"]
[EventDate "2014.12.11"]
[EventType "swiss (rapid)"]
[EventRounds "7"]
[EventCountry "CHN"]
[SourceTitle "CBM 164"]
[Source "ChessBase"]
[SourceDate "2015.01.15"]
[SourceVersion "1"]
[SourceVersionDate "2015.01.15"]
[SourceQuality "1"]

1. d4 Nf6 2. Nf3 g6 3. Bg5 Bg7 4. Nbd2 O-O 5. c3 d6 6. e4 h6 7. Bh4 Qe8 8. Bd3
e5 9. dxe5 dxe5 10. O-O Nbd7 11. b4 Nh5 12. Re1 Ndf6 13. Nc4 Nh7 14. Bf1 Be6
15. a4 a6 16. Ne3 f6 17. Bc4 Bxc4 18. Nxc4 Qe6 19. Qb3 Ng5 20. Bxg5 hxg5 21.
Na5 Qxb3 22. Nxb3 b6 23. Red1 Nf4 24. Kf1 Rfd8 25. a5 Rxd1+ 26. Rxd1 Bf8 27. g3
Ne6 28. h4 g4 29. Nh2 f5 30. Rd5 Kf7 31. Rxe5 Kf6 32. Rd5 c6 33. Rd7 b5 34. f3
gxf3 35. exf5 gxf5 36. Nxf3 c5 37. bxc5 Bxc5 38. Ng5 Be3 39. Nxe6 Kxe6 40. Rd3
Ba7 41. Kg2 Rh8 42. Nd2 f4 43. Nf3 fxg3 44. Ng5+ Kf5 45. Kxg3 Bb8+ 46. Kh3 Rc8
47. Rf3+ Bf4 48. Kg2 Kg4 49. Ne4 Rc4 50. Nf6+ Kxh4 51. Nd5 Kg4 52. Nb4 Be5 53.
Nd5 Bf4 54. Nb4 Be5 55. Nd5 Kg5 56. Ne3 Rf4 57. Nd5 Ra4 58. Ne7 Ra2+ 59. Rf2
Rxf2+ 60. Kxf2 Bxc3 61. Nc6 Kf4 62. Nb8 Be5 63. Nxa6 Bd6 64. Ke2 Ke4 65. Kd2
Kd4 66. Kc2 Kc4 67. Kb2 b4 68. Nxb4 Kxb4 69. a6 Bc5 1/2-1/2

[Event "Beijing Sportaccord rap"]
[Site "Beijing"]
[Date "2014.12.11"]
[Round "3"]
[White "Radjabov, Teimour"]
[Black "Aronian, Levon"]
[Result "0-1"]
[WhiteElo "2734"]
[BlackElo "2797"]
[PlyCount "144"]
[EventDate "2014.12.11"]
[EventType "swiss (rapid)"]
[EventRounds "7"]
[EventCountry "CHN"]
[SourceTitle "CBM 164"]
[Source "ChessBase"]
[SourceDate "2015.01.15"]
[SourceVersion "1"]
[SourceVersionDate "2015.01.15"]
[SourceQuality "1"]

1. b3 d5 2. Bb2 c6 3. e3 Nf6 4. c4 g6 5. Nf3 Bg7 6. Be2 O-O 7. O-O dxc4 8. bxc4
c5 9. d4 cxd4 10. exd4 e6 11. Nc3 Nc6 12. Ba3 Re8 13. Nb5 Ne4 14. Qd3 a6 15.
Qxe4 axb5 16. Bb2 bxc4 17. Bxc4 Bd7 18. Qf4 Qb8 19. Qe3 Na5 20. Be2 Bc6 21. Ne5
Bd5 22. Bb5 Nc6 23. a4 Rc8 24. Rfc1 Nxe5 25. dxe5 Rxc1+ 26. Rxc1 Qd8 27. g3 Rc8
28. Rxc8 Qxc8 29. Qc3 Qd8 30. h4 h5 31. Qd4 Qc7 32. Qc3 Qb8 33. Qd4 b6 34. Qe3
Ba8 35. f3 Qb7 36. Be2 Qc6 37. Kf2 Bb7 38. Bd4 Qxa4 39. Bxb6 Qc2 40. Bd4 Ba6
41. Qe4 Qd2 42. Qe3 Qa2 43. Kf1 Qb1+ 44. Kf2 Qc2 45. Qe4 Qxe4 46. fxe4 Bxe2 47.
Kxe2 Kf8 48. Kd3 Ke8 49. Kc4 Kd7 50. Kb5 Bh6 51. Kc4 Kc6 52. Bf2 Bc1 53. Bd4
Ba3 54. Kb3 Bc1 55. Kc4 Bd2 56. Bf2 Ba5 57. Be3 Be1 58. Bf4 Kb6 59. Be3+ Kc7
60. Bf4 Kc6 61. Kd3 Kb5 62. Ke2 Bc3 63. Kd3 Ba1 64. Be3 Bxe5 65. Bf2 Kb4 66.
Be1+ Kb3 67. Bf2 Bd6 68. Be1 Kb2 69. Bf2 Kc1 70. Ke2 Kc2 71. Be1 Bc7 72. Bf2
Kc3 0-1

[Event "Beijing Sportaccord rap"]
[Site "Beijing"]
[Date "2014.12.11"]
[Round "4"]
[White "Nepomniachtchi, Ian"]
[Black "Radjabov, Teimour"]
[Result "1-0"]
[WhiteElo "2714"]
[BlackElo "2734"]
[PlyCount "93"]
[EventDate "2014.12.11"]
[EventType "swiss (rapid)"]
[EventRounds "7"]
[EventCountry "CHN"]
[SourceTitle "CBM 164"]
[Source "ChessBase"]
[SourceDate "2015.01.15"]
[SourceVersion "1"]
[SourceVersionDate "2015.01.15"]
[SourceQuality "1"]

1. e4 e5 2. Nf3 Nc6 3. c3 Nf6 4. d4 d6 5. d5 Ne7 6. Bg5 Nd7 7. c4 h6 8. Be3 g6
9. Nc3 Bg7 10. g4 a5 11. Nd2 Nc5 12. h4 h5 13. g5 O-O 14. Qc2 Bd7 15. Bh3 Bxh3
16. Rxh3 c6 17. Bxc5 dxc5 18. O-O-O Qd7 19. Rd3 cxd5 20. Nxd5 Nxd5 21. exd5 Qg4
22. f3 Qxh4 23. Ne4 b6 24. d6 Rfd8 25. Kb1 Qf4 26. Qa4 Qf5 27. Qc6 Rab8 28. a3
Qe6 29. Qb5 Bf8 30. Qb3 b5 31. Rd5 bxc4 32. Qc3 Rb3 33. Qxa5 Rdb8 34. d7 Rxb2+
35. Ka1 Be7 36. d8=Q+ Bxd8 37. Rxd8+ Kg7 38. Qxc5 Rb1+ 39. Rxb1 Rxd8 40. Rb6
Qf5 41. Rf6 Qh3 42. Qxc4 Rd1+ 43. Ka2 Qd7 44. Rb6 h4 45. Rb8 h3 46. Qc5 Qd5+
47. Qxd5 1-0

[Event "Beijing Sportaccord rap"]
[Site "Beijing"]
[Date "2014.12.12"]
[Round "5"]
[White "Radjabov, Teimour"]
[Black "Bacrot, Etienne"]
[Result "1/2-1/2"]
[WhiteElo "2734"]
[BlackElo "2718"]
[PlyCount "117"]
[EventDate "2014.12.11"]
[EventType "swiss (rapid)"]
[EventRounds "7"]
[EventCountry "CHN"]
[SourceTitle "CBM 164"]
[Source "ChessBase"]
[SourceDate "2015.01.15"]
[SourceVersion "1"]
[SourceVersionDate "2015.01.15"]
[SourceQuality "1"]

1. d4 d5 2. c4 dxc4 3. e3 Nf6 4. Bxc4 e6 5. Nf3 a6 6. Bd3 c5 7. O-O Nc6 8. Nc3
cxd4 9. exd4 Be7 10. Bg5 O-O 11. Rc1 h6 12. Bh4 Nh5 13. Bxe7 Nxe7 14. Ne5 Nf6
15. Ne4 Nfd5 16. Nc3 Bd7 17. Be4 Bc6 18. Nxc6 bxc6 19. Qd2 Qd6 20. Rfd1 Rfb8
21. b3 Nxc3 22. Rxc3 Rd8 23. h3 Rab8 24. Rc4 Rb5 25. Bf3 a5 26. Qc3 Nd5 27. Qc1
Rb6 28. g3 Nb4 29. Rd2 Rdb8 30. Kg2 Qd8 31. Rc5 Rb5 32. Bxc6 Nxc6 33. Rxb5 Rxb5
34. Qxc6 Rd5 35. a3 e5 36. b4 axb4 37. axb4 Rd6 38. Qb7 exd4 39. Ra2 d3 40. Rd2
Qg5 41. Qb8+ Rd8 42. Qf4 Qb5 43. Qe4 g6 44. g4 Rd5 45. Kg1 Kg7 46. Kg2 Qd7 47.
Kg1 h5 48. gxh5 Rg5+ 49. Kh2 Qd6+ 50. f4 Rd5 51. hxg6 fxg6 52. b5 Rd4 53. Qe5+
Qxe5 54. fxe5 Kf7 55. b6 Ke6 56. b7 Rb4 57. Rxd3 Rxb7 58. Rd6+ Kxe5 59. Rxg6
1/2-1/2

[Event "Beijing Sportaccord rap"]
[Site "Beijing"]
[Date "2014.12.12"]
[Round "6"]
[White "Wojtaszek, Radoslaw"]
[Black "Radjabov, Teimour"]
[Result "1/2-1/2"]
[WhiteElo "2744"]
[BlackElo "2734"]
[PlyCount "131"]
[EventDate "2014.12.11"]
[EventType "swiss (rapid)"]
[EventRounds "7"]
[EventCountry "CHN"]
[SourceTitle "CBM 164"]
[Source "ChessBase"]
[SourceDate "2015.01.15"]
[SourceVersion "1"]
[SourceVersionDate "2015.01.15"]
[SourceQuality "1"]

1. d4 Nf6 2. c4 g6 3. Nc3 d5 4. Bg5 Bg7 5. Nf3 Ne4 6. cxd5 Nxg5 7. Nxg5 e6 8.
Qd2 exd5 9. Qe3+ Kf8 10. Qf4 Bf6 11. h4 Kg7 12. e3 c6 13. Bd3 h6 14. Nf3 Be6
15. O-O-O Nd7 16. g4 Qb8 17. Rhg1 Be7 18. Qxb8 Raxb8 19. Ne2 Bd6 20. Nf4 Rbe8
21. Rg2 a6 22. Bc2 Nf6 23. Rdg1 Bc8 24. Nd3 Ne4 25. Nfe5 Bc7 26. b4 a5 27. a3
Nd6 28. Nc5 Nc4 29. Nxc4 dxc4 30. Kb2 b6 31. Ne4 axb4 32. axb4 Be6 33. Ra1 Ra8
34. Rgg1 Rxa1 35. Rxa1 Bxg4 36. Ra7 Rc8 37. Nd2 b5 38. Be4 Bd8 39. Nf3 Bf6 40.
Ne5 Bxe5 41. dxe5 Rd8 42. Kc3 Be6 43. Rc7 Ra8 44. Rxc6 Ra2 45. f4 Ra3+ 46. Kd4
Rb3 47. h5 Rxb4 48. Kc5 Ra4 49. hxg6 c3 50. Bd3 Bc4 51. Bf5 Ra2 52. gxf7 c2 53.
Rg6+ Kxf7 54. Rg1 Be6 55. Bg6+ Ke7 56. f5 Bb3 57. f6+ Ke6 58. f7 Ra8 59. Kb4
Bc4 60. Bxc2 Kxf7 61. Rg6 Re8 62. Rf6+ Kg7 63. Rg6+ Kf7 64. Rf6+ Kg7 65. Rg6+
Kf7 66. Rf6+ 1/2-1/2

[Event "Beijing Sportaccord rap"]
[Site "Beijing"]
[Date "2014.12.12"]
[Round "7"]
[White "Radjabov, Teimour"]
[Black "Ivanchuk, Vassily"]
[Result "0-1"]
[WhiteElo "2734"]
[BlackElo "2704"]
[PlyCount "63"]
[EventDate "2014.12.11"]
[EventType "swiss (rapid)"]
[EventRounds "7"]
[EventCountry "CHN"]
[SourceTitle "CBM 164"]
[Source "ChessBase"]
[SourceDate "2015.01.15"]
[SourceVersion "1"]
[SourceVersionDate "2015.01.15"]
[SourceQuality "1"]

1. d4 d5 2. c4 c6 3. Nf3 Nf6 4. Nc3 dxc4 5. a4 e6 6. e4 Bb4 7. e5 Nd5 8. Bd2 b5
9. axb5 Bxc3 10. bxc3 cxb5 11. Ng5 Nd7 12. Qh5 Qe7 13. Be2 Bb7 14. O-O h6 15.
Rfb1 Bc6 16. Ne4 O-O 17. Nd6 a6 18. Bf3 f6 19. Bxd5 Bxd5 20. Be3 Nb8 21. Re1
Nc6 22. Bxh6 fxe5 23. dxe5 gxh6 24. Re3 Nxe5 25. Qxe5 Qf6 26. Rg3+ Kh7 27. Qe3
Rg8 28. Re1 Raf8 29. f3 Rg7 30. Rxg7+ Qxg7 31. Ne4 a5 32. Qe2 0-1

[Event "Beijing Sportaccord blitz"]
[Site "Beijing"]
[Date "2014.12.13"]
[Round "1"]
[White "Ponomariov, Ruslan"]
[Black "Radjabov, Teimour"]
[Result "0-1"]
[WhiteElo "2714"]
[BlackElo "2734"]
[PlyCount "99"]
[EventDate "2014.12.13"]
[EventType "tourn (blitz)"]
[EventRounds "30"]
[EventCountry "CHN"]
[EventCategory "20"]
[SourceTitle "CBM 163 Extra"]
[Source "ChessBase"]
[SourceDate "2014.12.23"]
[SourceVersion "1"]
[SourceVersionDate "2014.12.23"]
[SourceQuality "1"]

1. d4 Nf6 2. c4 e6 3. Nc3 Bb4 4. Qc2 d5 5. a3 Bxc3+ 6. Qxc3 Ne4 7. Qc2 c5 8.
dxc5 Nc6 9. Nf3 Qa5+ 10. Bd2 Qxc5 11. e3 Nxd2 12. Nxd2 dxc4 13. Bxc4 O-O 14. b4
Qe7 15. O-O Rd8 16. Qb2 Bd7 17. Rac1 Be8 18. Be2 Rac8 19. Nb3 Rc7 20. h3 Rdc8
21. Bf3 b6 22. Rfd1 h6 23. g3 f6 24. Bg2 Ne5 25. Rxc7 Rxc7 26. Nd4 Ba4 27. Rc1
Kf7 28. Rxc7 Qxc7 29. Qa2 Qc4 30. Qa1 Ke7 31. Bf1 Qd5 32. Qc3 Bc6 33. Nxc6+
Qxc6 34. Qxc6 Nxc6 35. Bb5 Ne5 36. Kf1 Nf7 37. Ke2 Nd6 38. Bd3 e5 39. Kd2 g5
40. Kc3 Kd7 41. Bc2 Kc6 42. Bd3 Kd5 43. Kd2 Nc4+ 44. Kc3 Nd6 45. Kd2 f5 46. a4
f4 47. exf4 exf4 48. gxf4 gxf4 49. Ke2 Kd4 50. Bc2 0-1

[Event "Beijing Sportaccord blitz"]
[Site "Beijing"]
[Date "2014.12.13"]
[Round "2"]
[White "Radjabov, Teimour"]
[Black "Ivanchuk, Vassily"]
[Result "1-0"]
[WhiteElo "2734"]
[BlackElo "2704"]
[PlyCount "56"]
[EventDate "2014.12.13"]
[EventType "tourn (blitz)"]
[EventRounds "30"]
[EventCountry "CHN"]
[EventCategory "20"]
[SourceTitle "CBM 163 Extra"]
[Source "ChessBase"]
[SourceDate "2014.12.23"]
[SourceVersion "1"]
[SourceVersionDate "2014.12.23"]
[SourceQuality "1"]

1. e4 Nf6 2. Nc3 d5 3. exd5 Nxd5 4. Nf3 g6 5. g3 Bg7 6. Bg2 Nb6 7. O-O Nc6 8.
a4 a5 9. d4 O-O 10. Be3 Bf5 11. Qe2 Nb4 12. Rac1 c6 13. Ne5 N6d5 14. Nxd5 Nxd5
15. Bd2 Qb6 16. Bc3 Rad8 17. Rfe1 Rfe8 18. h3 h5 19. Rcd1 Qc7 20. Rc1 c5 21.
dxc5 Nxc3 22. bxc3 Qxc5 23. c4 b6 24. Qe3 Qxe3 25. Rxe3 Rd2 26. Nc6 Kf8 27. Rb3
Bd7 28. c3 Bxc6 1-0

[Event "Beijing Sportaccord blitz"]
[Site "Beijing"]
[Date "2014.12.13"]
[Round "3"]
[White "Nepomniachtchi, Ian"]
[Black "Radjabov, Teimour"]
[Result "1-0"]
[WhiteElo "2714"]
[BlackElo "2734"]
[PlyCount "117"]
[EventDate "2014.12.13"]
[EventType "tourn (blitz)"]
[EventRounds "30"]
[EventCountry "CHN"]
[EventCategory "20"]
[SourceTitle "CBM 163 Extra"]
[Source "ChessBase"]
[SourceDate "2014.12.23"]
[SourceVersion "1"]
[SourceVersionDate "2014.12.23"]
[SourceQuality "1"]

1. e4 e5 2. Nf3 Nc6 3. c3 Nf6 4. d4 Nxe4 5. d5 Ne7 6. Nxe5 Ng6 7. Nxg6 hxg6 8.
Bd3 Nc5 9. Bc2 d6 10. Be3 Be7 11. Nd2 Bf5 12. O-O O-O 13. Bxf5 gxf5 14. Qh5 g6
15. Qh6 Bf6 16. Bd4 Nd3 17. Nf3 Ne5 18. Nxe5 dxe5 19. Bc5 Re8 20. Rad1 Qd7 21.
c4 b6 22. Ba3 a5 23. Rd3 Bg7 24. Qc1 e4 25. Rh3 c6 26. Qf4 cxd5 27. Qh4 f6 28.
Qh7+ Kf7 29. Rh6 Rg8 30. Qxg6+ Ke6 31. Rh5 Rad8 32. Qxf5+ Kf7 33. Qxd5+ Qxd5
34. Rxd5 Rxd5 35. cxd5 Rd8 36. Rd1 f5 37. g3 b5 38. b3 b4 39. Bc1 Rc8 40. Be3
Ke7 41. d6+ Kd7 42. Rd5 a4 43. bxa4 Rc2 44. Rb5 Rxa2 45. Rxb4 Kxd6 46. Rb6+ Kd5
47. Rb5+ Ke6 48. a5 Bc3 49. Rb6+ Kd5 50. a6 Bd4 51. Bxd4 Kxd4 52. Rd6+ Ke5 53.
Rb6 Kd4 54. h4 e3 55. fxe3+ Ke4 56. h5 Kf3 57. h6 Kxg3 58. Rg6+ Kf3 59. h7 1-0

[Event "Beijing Sportaccord blitz"]
[Site "Beijing"]
[Date "2014.12.13"]
[Round "4"]
[White "Harikrishna, Pentala"]
[Black "Radjabov, Teimour"]
[Result "0-1"]
[WhiteElo "2727"]
[BlackElo "2734"]
[PlyCount "74"]
[EventDate "2014.12.13"]
[EventType "tourn (blitz)"]
[EventRounds "30"]
[EventCountry "CHN"]
[EventCategory "20"]
[SourceTitle "CBM 163 Extra"]
[Source "ChessBase"]
[SourceDate "2014.12.23"]
[SourceVersion "1"]
[SourceVersionDate "2014.12.23"]
[SourceQuality "1"]

1. Nf3 Nf6 2. g3 d5 3. Bg2 e6 4. O-O Be7 5. b3 c5 6. Bb2 Nc6 7. e3 b6 8. c4 Ba6
9. Qe2 O-O 10. Rd1 Rc8 11. Na3 Bb7 12. cxd5 Nxd5 13. Nc4 Qc7 14. e4 Ndb4 15. d4
cxd4 16. a3 d3 17. Qf1 Na6 18. Qxd3 Nc5 19. Qc3 e5 20. Nfxe5 Nxe5 21. Qxe5 Qxe5
22. Nxe5 Nxb3 23. Rd7 Nxa1 24. Rxe7 Ba6 25. Rxa7 Rc2 26. Rxa6 Rxb2 27. Bf1 Rb1
28. Kg2 Nb3 29. Bc4 Nc5 30. Ra7 h6 31. Bd5 Rb2 32. Nxf7 Kh7 33. e5 Rd2 34. Bc4
b5 35. Bxb5 Ne4 36. e6 Rxf2+ 37. Kg1 Rc8 0-1